positions Tracklist By Streams - Statistics

General Stats
  • This quiz has been taken 8 times
  • The average score is 10 of 14
Answer Stats
# Streams Answer % Correct
2 1,092,116,201 34+35
100%
1 1,617,851,396 positions
100%
5 238,200,480 just like magic
80%
14 102,463,183 love language
80%
4 566,966,719 motive
80%
3 640,440,543 pov
80%
9 130,415,233 my hair
60%
7 206,419,587 nasty
60%
10 129,658,964 obvious
60%
8 181,396,756 off the table
60%
6 222,501,026 safety net
60%
11 122,284,839 shut up
60%
13 105,468,611 six thirty
60%
12 111,523,498 west side
60%
No matching quizzes found
Score Distribution
Percent of People with Each Score
Percentile by Number Answered
Your Score History
You have not taken this quiz